Manisan serbanika / (Record no. 2732)
[ view plain ]
| 000 -LEADER | |
|---|---|
| fixed length control field | aam a22 a 4500 |
| 003 - CONTROL NUMBER IDENTIFIER | |
| control field | AKMAL |
| 005 - DATE AND TIME OF LATEST TRANSACTION | |
| control field | 20170517155944.0 |
| 008 - FIXED-LENGTH DATA ELEMENTS--GENERAL INFORMATION | |
| fixed length control field | 170517s1981 si 00 may d |
| 020 ## - INTERNATIONAL STANDARD BOOK NUMBER | |
| International Standard Book Number | 981204504X |
| 040 ## - CATALOGING SOURCE | |
| Original cataloging agency | AKMAL |
| Transcribing agency | AKMAL |
| 049 00 - LOCAL HOLDINGS (OCLC) | |
| Holding library | bgk |
| 082 04 - DEWEY DECIMAL CLASSIFICATION NUMBER | |
| Classification number | 641.53 YEW |
| 090 00 - LOCALLY ASSIGNED LC-TYPE CALL NUMBER (OCLC); LOCAL CALL NUMBER (RLIN) | |
| Classification number (OCLC) (R) ; Classification number, CALL (RLIN) (NR) | 641.53 |
| Local cutter number (OCLC) ; Book number/undivided call number, CALL (RLIN) | YEW |
| 090 20 - LOCALLY ASSIGNED LC-TYPE CALL NUMBER (OCLC); LOCAL CALL NUMBER (RLIN) | |
| Classification number (OCLC) (R) ; Classification number, CALL (RLIN) (NR) | 641.53 |
| Local cutter number (OCLC) ; Book number/undivided call number, CALL (RLIN) | YEW |
| 100 1# - MAIN ENTRY--PERSONAL NAME | |
| Personal name | Yew, Betty |
| 9 (RLIN) | 5768 |
| 245 10 - TITLE STATEMENT | |
| Title | Manisan serbanika / |
| Statement of responsibility, etc. | Betty Yew ; penyunting, Sakdiah M. Din |
| 260 ## - PUBLICATION, DISTRIBUTION, ETC. | |
| Place of publication, distribution, etc. | Singapore : |
| Name of publisher, distributor, etc. | Times Books International, |
| Date of publication, distribution, etc. | 1981 |
| 300 00 - PHYSICAL DESCRIPTION | |
| Extent | ix, 166ms. : |
| Other physical details | ill. bwn. ; |
| Dimensions | 28cm |
| 650 #0 - SUBJECT ADDED ENTRY--TOPICAL TERM | |
| Topical term or geographic name entry element | Cookery |
| 9 (RLIN) | 5700 |
| 650 #0 - SUBJECT ADDED ENTRY--TOPICAL TERM | |
| Topical term or geographic name entry element | Desserts |
| 9 (RLIN) | 5769 |
| 700 0# - ADDED ENTRY--PERSONAL NAME | |
| Personal name | Sakdiah M. Din |
| 9 (RLIN) | 5770 |
| 942 ## - ADDED ENTRY ELEMENTS (KOHA) | |
| Source of classification or shelving scheme | |
| Koha item type | Book |
| Withdrawn status | Lost status | Source of classification or shelving scheme | Damaged status | Not for loan | Collection code | Home library | Current library | Date acquired | Inventory number | Total Checkouts | Full call number | Barcode | Date last seen | Price effective from | Koha item type |
|---|---|---|---|---|---|---|---|---|---|---|---|---|---|---|---|
| NON-FICTION | AKMAL Melaka | AKMAL Melaka | 17.05.2017 | 602320 | 641.53 YEW | 201703490 | 17.05.2017 | 17.05.2017 | Book |
